[Event "English Schools Championship Final 2024"]
[Site "Nottingham University Kings Meadow Campus, United Kingdom"]
[Date "2024.06.27"]
[Round "2.44"]
[White "Bharadwaj, Arjun Kartik"]
[Black "Solodko, Nikolai"]
[Result "1/2-1/2"]
[TimeControl "G50' + 10\" per move."]
[WhiteFideId "343419305"]
[BlackFideId "343401589"]
[WhiteElo "1625"]
[BlackElo "1524"]

1. e4 {[%clk 00:50:17]} d5 {[%clk 00:50:16]} {[%emt 00:00:07]} 2. exd5 {[%clk
00:50:22]} {[%emt 00:00:03]} Nf6 {[%clk 00:50:18]} {[%emt 00:00:08]} 3. Nc3
{[%clk 00:50:21]} {[%emt 00:00:11]} Nxd5 {[%clk 00:50:16]} {[%emt 00:00:11]} 4.
Nxd5 {[%clk 00:50:25]} {[%emt 00:00:07]} Qxd5 {[%clk 00:50:15]} {[%emt
00:00:10]} 5. c4 {[%clk 00:49:41]} {[%emt 00:00:55]} Qa5 {[%clk 00:49:38]}
{[%emt 00:00:47]} 6. Nf3 {[%clk 00:49:09]} {[%emt 00:00:41]} c5 {[%clk
00:47:43]} {[%emt 00:02:06]} 7. Be2 {[%clk 00:48:21]} {[%emt 00:00:58]} Nc6
{[%clk 00:47:21]} {[%emt 00:00:32]} 8. O-O {[%clk 00:47:21]} {[%emt 00:01:10]}
Bf5 {[%clk 00:44:08]} {[%emt 00:03:23]} 9. Nh4 {[%clk 00:39:27]} {[%emt
00:08:04]} Bg6 {[%clk 00:43:45]} {[%emt 00:00:33]} 10. d3 {[%clk 00:38:13]}
{[%emt 00:01:23]} e6 {[%emt 00:01:28]} 11. Bf4 {[%clk 00:37:19]} {[%emt
00:00:09]} Be7 {[%clk 00:42:05]} {[%emt 00:01:28]} 12. Nxg6 {[%clk 00:36:16]}
{[%emt 00:01:14]} hxg6 {[%clk 00:41:53]} {[%emt 00:00:23]} 13. Qd2 {[%clk
00:34:49]} {[%emt 00:01:36]} Qxd2 {[%clk 00:40:38]} {[%emt 00:01:25]} 14. Bxd2
{[%clk 00:34:54]} {[%emt 00:00:06]} Nd4 {[%clk 00:40:40]} {[%emt 00:00:08]} 15.
Bd1 {[%clk 00:33:38]} {[%emt 00:01:25]} O-O-O {[%clk 00:38:22]} {[%emt
00:02:29]} 16. Bc3 {[%clk 00:31:19]} {[%emt 00:02:28]} Bf6 {[%clk 00:36:38]}
{[%emt 00:01:55]} 17. Bxd4 {[%clk 00:29:07]} {[%emt 00:02:22]} Bxd4 {[%clk
00:36:25]} {[%emt 00:00:23]} 18. Bf3 {[%clk 00:26:29]} {[%emt 00:02:47]} Be5
{[%clk 00:36:04]} {[%emt 00:00:30]} 19. h3 {[%clk 00:25:58]} {[%emt 00:00:43]}
Rxd3 {[%clk 00:35:53]} {[%emt 00:00:20]} 20. Rad1 {[%clk 00:22:52]} {[%emt
00:03:16]} Rhd8 {[%clk 00:35:23]} {[%emt 00:00:41]} 21. b3 {[%clk 00:22:55]}
{[%emt 00:00:08]} Rd2 {[%clk 00:33:19]} {[%emt 00:02:15]} 22. Rfe1 {[%clk
00:21:36]} {[%emt 00:01:28]} Bf6 {[%clk 00:31:39]} {[%emt 00:01:48]} 23. Rxd2
{[%clk 00:20:19]} {[%emt 00:01:29]} Rxd2 {[%clk 00:31:37]} {[%emt 00:00:11]} 24.
Re2 {[%clk 00:20:26]} {[%emt 00:00:03]} Rxe2 {[%clk 00:30:43]} {[%emt
00:01:05]} 25. Bxe2 {[%clk 00:20:30]} {[%emt 00:00:07]} Kc7 {[%clk 00:30:42]}
{[%emt 00:00:11]} 26. Bd1 {[%clk 00:19:04]} {[%emt 00:01:36]} Kb6 {[%clk
00:30:28]} {[%emt 00:00:23]} 27. Kf1 {[%clk 00:19:10]} {[%emt 00:00:05]} Ka5
{[%clk 00:30:23]} {[%emt 00:00:14]} 28. Ke2 {[%clk 00:19:01]} {[%emt 00:00:20]}
Kb4 {[%clk 00:29:59]} {[%emt 00:00:33]} 29. a4 {[%clk 00:18:48]} {[%emt
00:00:24]} a5 {[%clk 00:29:45]} {[%emt 00:00:24]} 30. Kd3 {[%clk 00:18:42]}
{[%emt 00:00:16]} Bd4 {[%clk 00:29:17]} {[%emt 00:00:38]} 1/2-1/2

[Event "English Schools Championship Final 2024"]
[Site "Nottingham University Kings Meadow Campus, United Kingdom"]
[Date "2024.06.27"]
[Round "2.45"]
[White "Kent, Rowan"]
[Black "Hazell, Peter"]
[Result "0-1"]
[TimeControl "G50' + 10\" per move."]
[WhiteFideId "460931"]
[BlackFideId "343400922"]
[WhiteElo "1713"]
[BlackElo "1666"]

1. e4 {[%clk 00:50:16]} c5 {[%clk 00:50:17]} {[%emt 00:00:03]} 2. Nf3 {[%clk
00:50:22]} {[%emt 00:00:04]} Nc6 {[%clk 00:50:20]} {[%emt 00:00:08]} 3. d4
{[%clk 00:50:29]} {[%emt 00:00:04]} cxd4 {[%clk 00:50:25]} {[%emt 00:00:05]} 4.
Nxd4 {[%clk 00:50:35]} {[%emt 00:00:04]} e5 {[%clk 00:50:26]} {[%emt 00:00:09]}
5. Nb5 {[%clk 00:50:39]} {[%emt 00:00:06]} d6 {[%clk 00:50:32]} {[%emt
00:00:04]} 6. N1c3 {[%clk 00:50:31]} {[%emt 00:00:19]} a6 {[%clk 00:50:37]}
{[%emt 00:00:04]} 7. Na3 {[%clk 00:50:37]} {[%emt 00:00:04]} Nf6 {[%clk
00:50:43]} {[%emt 00:00:04]} 8. Bg5 {[%clk 00:49:28]} {[%emt 00:01:18]} Be7
{[%clk 00:50:34]} {[%emt 00:00:19]} 9. Bxf6 {[%clk 00:48:54]} {[%emt 00:00:43]}
Bxf6 {[%clk 00:50:41]} {[%emt 00:00:03]} 10. Bc4 {[%clk 00:45:15]} {[%emt
00:03:49]} b5 {[%clk 00:50:06]} {[%emt 00:00:45]} 11. Qd5 {[%clk 00:45:17]}
{[%emt 00:00:08]} Qd7 {[%clk 00:48:10]} {[%emt 00:02:07]} 12. Bb3 {[%clk
00:43:01]} {[%emt 00:02:26]} b4 {[%clk 00:47:04]} {[%emt 00:01:16]} 13. Nc4
{[%clk 00:40:56]} {[%emt 00:02:15]} bxc3 {[%clk 00:46:02]} {[%emt 00:01:11]} 14.
Nb6 {[%clk 00:39:36]} {[%emt 00:01:30]} cxb2 {[%clk 00:44:41]} {[%emt
00:01:31]} 15. Rb1 {[%clk 00:36:15]} {[%emt 00:03:32]} Qb7 {[%clk 00:43:07]}
{[%emt 00:01:44]} 16. Nxa8 {[%clk 00:34:53]} {[%emt 00:01:32]} Be6 {[%clk
00:42:29]} {[%emt 00:00:47]} 17. Qxd6 {[%clk 00:33:43]} {[%emt 00:01:20]} Qxa8
{[%clk 00:42:25]} {[%emt 00:00:14]} 18. Bxe6 {[%clk 00:32:57]} {[%emt
00:00:56]} fxe6 {[%clk 00:42:33]} {[%emt 00:00:02]} 19. Qxe6+ {[%clk 00:32:07]}
{[%emt 00:01:00]} Ne7 {[%clk 00:41:46]} {[%emt 00:00:57]} 20. O-O {[%clk
00:26:40]} {[%emt 00:05:37]} Qc6 {[%clk 00:40:29]} {[%emt 00:01:27]} 21. Qxc6+
{[%clk 00:25:24]} {[%emt 00:01:26]} Nxc6 {[%clk 00:40:37]} {[%emt 00:00:02]} 22.
Rxb2 {[%clk 00:25:15]} {[%emt 00:00:19]} O-O {[%clk 00:40:06]} {[%emt
00:00:41]} 23. Rb6 {[%clk 00:20:41]} {[%emt 00:04:44]} Nd4 {[%clk 00:39:52]}
{[%emt 00:00:23]} 24. Rxa6 {[%clk 00:20:00]} {[%emt 00:00:52]} Nxc2 {[%clk
00:39:36]} {[%emt 00:00:26]} 25. Rc1 {[%clk 00:16:57]} {[%emt 00:03:13]} Nd4
{[%clk 00:39:36]} {[%emt 00:00:09]} 26. Ra1 {[%clk 00:14:40]} {[%emt 00:02:28]}
Nc2 {[%clk 00:38:12]} {[%emt 00:01:34]} 27. Rb1 {[%clk 00:13:44]} {[%emt
00:01:06]} h6 {[%clk 00:37:44]} {[%emt 00:00:39]} 28. Ra7 {[%clk 00:12:47]}
{[%emt 00:01:06]} Rd8 {[%clk 00:37:36]} {[%emt 00:00:18]} 29. a4 {[%clk
00:11:11]} {[%emt 00:01:46]} Rd4 {[%clk 00:37:08]} {[%emt 00:00:38]} 30. f3
{[%clk 00:08:59]} {[%emt 00:02:22]} Rd2 {[%clk 00:36:19]} {[%emt 00:01:00]} 31.
a5 {[%clk 00:06:41]} {[%emt 00:02:28]} Bg5 {[%clk 00:36:07]} {[%emt 00:00:21]}
32. Ra8+ {[%clk 00:06:15]} {[%emt 00:00:37]} Kh7 {[%clk 00:36:10]} {[%emt
00:00:06]} 33. a6 {[%clk 00:06:03]} {[%emt 00:00:24]} Be3+ {[%emt 00:00:41]} 34.
Kh1 {[%clk 00:05:38]} {[%emt 00:00:29]} Na3 {[%clk 00:35:26]} {[%emt 00:00:29]}
35. Re1 {[%clk 00:05:05]} {[%emt 00:00:42]} Nb5 {[%clk 00:33:52]} {[%emt
00:01:45]} 36. h3 {[%clk 00:04:19]} {[%emt 00:00:55]} Bf2 {[%clk 00:31:29]}
{[%emt 00:02:34]} 37. Rc1 {[%clk 00:02:59]} {[%emt 00:01:30]} Ra2 {[%clk
00:30:20]} {[%emt 00:01:19]} 38. Kh2 {[%clk 00:02:45]} {[%emt 00:00:24]} Nd4
{[%clk 00:29:43]} {[%emt 00:00:47]} 39. Rb1 {[%clk 00:01:47]} {[%emt 00:01:08]}
Ne2 {[%clk 00:28:15]} {[%emt 00:01:37]} 40. h4 {[%clk 00:01:04]} {[%emt
00:00:53]} Nf4 {[%clk 00:27:11]} {[%emt 00:01:12]} 41. Rb7 {[%clk 00:00:29]}
{[%emt 00:00:47]} Bg3+ {[%clk 00:27:02]} {[%emt 00:00:20]} 42. Kg1 {[%clk
00:00:20]} {[%emt 00:00:19]} Ra1+ {[%clk 00:27:03]} {[%emt 00:00:09]} 0-1

[Event "English Schools Championship Final 2024"]
[Site "Nottingham University Kings Meadow Campus, United Kingdom"]
[Date "2024.06.27"]
[Round "2.46"]
[White "Cooper, George"]
[Black "Korchagina, Polina"]
[Result "0-1"]
[TimeControl "G50' + 10\" per move."]
[WhiteFideId "343411304"]
[BlackFideId "14174537"]
[WhiteElo "1575"]
[BlackElo "1732"]

1. e4 {[%clk 00:50:18]} {[%emt 00:39:42]} c5 {[%clk 00:50:17]} {[%emt
00:00:03]} 2. c3 {[%clk 00:50:24]} {[%emt 00:00:04]} Nc6 {[%clk 00:50:06]}
{[%emt 00:00:20]} 3. d4 {[%clk 00:50:27]} {[%emt 00:00:07]} cxd4 {[%clk
00:47:15]} {[%emt 00:03:01]} 4. cxd4 {[%clk 00:50:29]} {[%emt 00:00:08]} d5
{[%clk 00:46:32]} {[%emt 00:00:54]} 5. e5 {[%clk 00:49:30]} {[%emt 00:01:09]}
Bf5 {[%clk 00:46:10]} {[%emt 00:00:32]} 6. Nf3 {[%clk 00:48:51]} {[%emt
00:00:48]} e6 {[%clk 00:45:13]} {[%emt 00:01:07]} 7. Bd3 {[%clk 00:44:21]}
{[%emt 00:04:41]} Bg4 {[%clk 00:44:49]} {[%emt 00:00:34]} 8. Be2 {[%clk
00:44:04]} {[%emt 00:00:27]} Bb4+ {[%clk 00:43:31]} {[%emt 00:01:28]} 9. Bd2
{[%clk 00:42:16]} {[%emt 00:01:59]} Qb6 {[%clk 00:41:59]} {[%emt 00:01:41]} 10.
Qb3 {[%clk 00:38:09]} {[%emt 00:04:17]} Bxf3 {[%clk 00:39:54]} {[%emt
00:02:16]} 11. Bxf3 {[%clk 00:38:06]} {[%emt 00:00:12]} Bxd2+ {[%clk 00:39:27]}
{[%emt 00:00:37]} 12. Nxd2 {[%clk 00:38:05]} {[%emt 00:00:11]} Nxd4 {[%clk
00:38:31]} {[%emt 00:01:05]} 13. Qxb6 {[%clk 00:37:53]} {[%emt 00:00:23]} axb6
{[%clk 00:38:35]} {[%emt 00:00:06]} 14. Bd1 {[%clk 00:37:55]} {[%emt 00:00:08]}
Rc8 {[%clk 00:38:18]} {[%emt 00:00:26]} 15. O-O {[%clk 00:37:30]} {[%emt
00:00:37]} Ne7 {[%clk 00:37:41]} {[%emt 00:00:47]} 16. Nb3 {[%clk 00:36:50]}
{[%emt 00:00:49]} Ndc6 {[%clk 00:36:54]} {[%emt 00:00:56]} 17. f4 {[%clk
00:36:31]} {[%emt 00:00:30]} Nf5 {[%clk 00:36:53]} {[%emt 00:00:11]} 18. Rc1
{[%clk 00:36:03]} {[%emt 00:00:38]} Ne3 {[%clk 00:35:25]} {[%emt 00:01:37]} 19.
Re1 {[%clk 00:35:53]} {[%emt 00:00:22]} Nxd1 {[%clk 00:35:25]} {[%emt
00:00:09]} 20. Rexd1 {[%clk 00:35:56]} {[%emt 00:00:07]} Ke7 {[%clk 00:35:05]}
{[%emt 00:00:30]} 21. Kf2 {[%clk 00:34:40]} {[%emt 00:01:25]} Nb4 {[%clk
00:33:20]} {[%emt 00:01:55]} 22. Rxc8 {[%clk 00:32:47]} {[%emt 00:02:04]} Rxc8
{[%clk 00:33:25]} {[%emt 00:00:04]} 23. Rd2 {[%clk 00:32:47]} {[%emt 00:00:11]}
Nxa2 {[%clk 00:32:48]} {[%emt 00:00:47]} 24. Nd4 {[%clk 00:32:52]} {[%emt
00:00:05]} Nb4 {[%clk 00:31:58]} {[%emt 00:00:59]} 25. Nb5 {[%clk 00:32:45]}
{[%emt 00:00:17]} Rc2 {[%clk 00:29:28]} {[%emt 00:02:41]} 26. Rxc2 {[%clk
00:32:46]} {[%emt 00:00:10]} Nxc2 {[%clk 00:29:35]} {[%emt 00:00:03]} 27. Nd6
{[%clk 00:32:52]} {[%emt 00:00:04]} Nd4 {[%clk 00:29:04]} {[%emt 00:00:38]} 28.
g4 {[%clk 00:32:25]} {[%emt 00:00:41]} f6 {[%clk 00:27:02]} {[%emt 00:02:12]}
29. exf6+ {[%clk 00:31:00]} {[%emt 00:01:35]} gxf6 {[%clk 00:25:48]} {[%emt
00:01:24]} 30. Nc8+ {[%clk 00:31:06]} {[%emt 00:00:04]} Kf7 {[%clk 00:22:37]}
{[%emt 00:03:21]} 31. Nxb6 {[%clk 00:31:03]} {[%emt 00:00:13]} Kg6 {[%clk
00:21:42]} {[%emt 00:01:05]} 32. Ke3 {[%clk 00:30:03]} {[%emt 00:01:10]} Nc6
{[%clk 00:21:32]} {[%emt 00:00:19]} 33. f5+ {[%clk 00:28:59]} {[%emt 00:01:14]}
exf5 {[%clk 00:21:01]} {[%emt 00:00:40]} 34. gxf5+ {[%clk 00:29:07]} {[%emt
00:00:03]} Kxf5 {[%clk 00:21:04]} {[%emt 00:00:07]} 35. Nxd5 {[%clk 00:29:14]}
{[%emt 00:00:04]} Ke5 {[%clk 00:20:31]} {[%emt 00:00:43]} 36. Nf4 {[%clk
00:28:34]} {[%emt 00:00:49]} Nb4 {[%clk 00:19:20]} {[%emt 00:01:21]} 37. Ng2
{[%clk 00:27:13]} {[%emt 00:01:31]} Nd5+ {[%clk 00:19:12]} {[%emt 00:00:18]} 38.
Kf2 {[%clk 00:27:00]} {[%emt 00:00:24]} Nf4 {[%clk 00:19:10]} {[%emt 00:00:11]}
39. Ne3 {[%clk 00:26:53]} {[%emt 00:00:17]} Nd3+ {[%clk 00:18:41]} {[%emt
00:00:39]} 40. Ke2 {[%clk 00:26:51]} {[%emt 00:00:12]} Nxb2 {[%clk 00:18:38]}
{[%emt 00:00:12]} 41. Ng4+ {[%clk 00:26:55]} {[%emt 00:00:07]} Kf5 {[%clk
00:18:34]} {[%emt 00:00:14]} 42. Ne3+ {[%clk 00:26:59]} {[%emt 00:00:06]} Ke6
{[%clk 00:18:24]} {[%emt 00:00:20]} 43. Kd2 {[%clk 00:27:00]} {[%emt 00:00:09]}
Na4 {[%clk 00:18:24]} {[%emt 00:00:09]} 44. Nc4 {[%clk 00:26:53]} {[%emt
00:00:18]} Nc5 {[%clk 00:18:00]} {[%emt 00:00:33]} 45. Ke3 {[%clk 00:26:54]}
{[%emt 00:00:09]} b5 {[%clk 00:17:54]} {[%emt 00:00:16]} 46. Na3 {[%clk
00:26:56]} {[%emt 00:00:09]} b4 {[%clk 00:17:48]} {[%emt 00:00:16]} 47. Nc4
{[%clk 00:27:03]} {[%emt 00:00:03]} Na4 {[%clk 00:17:26]} {[%emt 00:00:31]} 48.
Nd2 {[%clk 00:27:05]} {[%emt 00:00:08]} Kd5 {[%clk 00:16:39]} {[%emt 00:00:57]}
49. Kf4 {[%clk 00:26:58]} {[%emt 00:00:18]} Nc5 {[%clk 00:15:49]} {[%emt
00:00:59]} 50. Kf5 {[%clk 00:26:44]} {[%emt 00:00:24]} Nd7 {[%clk 00:14:59]}
{[%emt 00:00:59]} 51. h4 {[%clk 00:26:16]} {[%emt 00:00:38]} Kd6 {[%clk
00:13:04]} {[%emt 00:02:05]} 52. h5 {[%clk 00:26:01]} {[%emt 00:00:26]} Ke7
{[%clk 00:12:53]} {[%emt 00:00:19]} 53. Nb3 {[%clk 00:25:22]} {[%emt 00:00:49]}
Ne5 {[%clk 00:12:18]} {[%emt 00:00:45]} 54. Nd4 {[%clk 00:25:11]} {[%emt
00:00:21]} Kf7 {[%clk 00:10:50]} {[%emt 00:01:38]} 55. Nb3 {[%clk 00:25:11]}
{[%emt 00:00:11]} Kg7 {[%clk 00:10:34]} {[%emt 00:00:25]} 56. Nd4 {[%clk
00:24:52]} {[%emt 00:00:29]} Nd7 {[%clk 00:09:20]} {[%emt 00:01:25]} 57. Nb3
{[%clk 00:24:53]} {[%emt 00:00:10]} Kh6 {[%clk 00:08:42]} {[%emt 00:00:48]} 58.
Ke6 {[%clk 00:24:54]} {[%emt 00:00:09]} Nb6 {[%clk 00:08:15]} {[%emt 00:00:36]}
59. Kxf6 {[%clk 00:24:57]} {[%emt 00:00:09]} Kxh5 {[%clk 00:08:20]} {[%emt
00:00:05]} 60. Kf5 {[%clk 00:24:53]} {[%emt 00:00:13]} Nd7 {[%clk 00:07:44]}
{[%emt 00:00:46]} 61. Kf4 {[%clk 00:24:48]} {[%emt 00:00:16]} Kg6 {[%clk
00:07:42]} {[%emt 00:00:12]} 62. Kg4 {[%clk 00:24:51]} {[%emt 00:00:07]} h5+
{[%clk 00:07:43]} {[%emt 00:00:10]} 63. Kh4 {[%clk 00:24:53]} {[%emt 00:00:07]}
Nf6 {[%clk 00:07:41]} {[%emt 00:00:12]} 64. Nd4 {[%clk 00:24:51]} {[%emt
00:00:12]} Nd5 {[%clk 00:06:29]} {[%emt 00:01:22]} 65. Nb3 {[%clk 00:24:53]}
{[%emt 00:00:08]} Ne3 {[%clk 00:05:50]} {[%emt 00:00:49]} 66. Nd4 {[%clk
00:24:39]} {[%emt 00:00:24]} Nf5+ {[%clk 00:05:53]} {[%emt 00:00:07]} 0-1

[Event "English Schools Championship Final 2024"]
[Site "Nottingham University Kings Meadow Campus, United Kingdom"]
[Date "2024.06.27"]
[Round "2.47"]
[White "Hartshorn, Harry"]
[Black "Schwager, Ziggy"]
[Result "0-1"]
[TimeControl "G50' + 10\" per move."]
[WhiteFideId "343404219"]
[BlackFideId "343414478"]
[WhiteElo "1442"]
[BlackElo "1357"]

1. d4 {[%clk 00:50:19]} {[%emt 00:00:03]} d5 {[%clk 00:50:07]} {[%emt
00:00:12]} 2. c4 {[%clk 00:50:23]} {[%emt 00:00:05]} e6 {[%clk 00:49:45]}
{[%emt 00:00:32]} 3. cxd5 {[%clk 00:50:27]} {[%emt 00:00:07]} exd5 {[%clk
00:49:24]} {[%emt 00:00:31]} 4. Nc3 {[%clk 00:50:23]} {[%emt 00:00:14]} Nf6
{[%clk 00:48:32]} {[%emt 00:01:01]} 5. Bf4 {[%clk 00:50:14]} {[%emt 00:00:20]}
a6 {[%clk 00:47:55]} {[%emt 00:00:46]} 6. Nf3 {[%clk 00:49:54]} {[%emt
00:00:32]} c5 {[%clk 00:47:39]} {[%emt 00:00:25]} 7. e3 {[%clk 00:49:31]}
{[%emt 00:00:33]} Nc6 {[%clk 00:47:09]} {[%emt 00:00:40]} 8. Bd3 {[%emt
00:02:35]} Bg4 {[%clk 00:45:50]} {[%emt 00:00:02]} 9. Be2 {[%clk 00:46:28]}
{[%emt 00:02:15]} Qb6 {[%clk 00:45:25]} {[%emt 00:00:33]} 10. dxc5 {[%clk
00:44:32]} {[%emt 00:02:08]} Qxb2 {[%clk 00:44:25]} {[%emt 00:01:10]} 11. Qc1
{[%clk 00:43:59]} {[%emt 00:00:41]} Qxc1+ {[%clk 00:43:21]} {[%emt 00:01:16]}
12. Rxc1 {[%clk 00:44:01]} {[%emt 00:00:07]} Bxc5 {[%clk 00:43:13]} {[%emt
00:00:18]} 13. Nxd5 {[%clk 00:43:40]} {[%emt 00:00:32]} Nxd5 {[%emt 00:02:47]}
14. Rxc5 {[%clk 00:42:18]} {[%emt 00:01:29]} Nxf4 {[%emt 00:00:23]} 15. exf4
{[%clk 00:41:57]} {[%emt 00:00:30]} O-O {[%clk 00:39:54]} {[%emt 00:00:42]} 16.
h3 {[%clk 00:40:38]} {[%emt 00:01:29]} Bxf3 {[%clk 00:39:38]} {[%emt 00:00:26]}
17. Bxf3 {[%clk 00:39:53]} {[%emt 00:00:56]} Rfe8+ {[%clk 00:39:22]} {[%emt
00:00:24]} 18. Kf1 {[%clk 00:39:00]} {[%emt 00:01:03]} Rad8 {[%clk 00:37:31]}
{[%emt 00:01:56]} 19. g3 {[%clk 00:37:42]} {[%emt 00:01:34]} Re6 {[%clk
00:34:12]} {[%emt 00:03:22]} 20. Kg2 {[%clk 00:35:30]} {[%emt 00:02:28]} Rdd6
{[%clk 00:33:19]} {[%emt 00:01:02]} 21. Rb1 {[%clk 00:34:11]} {[%emt 00:01:29]}
b5 {[%clk 00:33:02]} {[%emt 00:00:28]} 22. a4 {[%clk 00:33:48]} {[%emt
00:00:33]} g6 {[%clk 00:31:33]} {[%emt 00:01:39]} 23. axb5 {[%clk 00:33:43]}
{[%emt 00:00:15]} axb5 {[%clk 00:30:53]} {[%emt 00:00:50]} 24. f5 {[%clk
00:30:20]} {[%emt 00:03:34]} gxf5 {[%clk 00:29:31]} {[%emt 00:01:33]} 25. Rxf5
{[%clk 00:30:20]} {[%emt 00:00:10]} Nd4 {[%clk 00:29:03]} {[%emt 00:00:34]} 26.
Rc5 {[%clk 00:26:01]} {[%emt 00:04:33]} Rb6 {[%clk 00:27:42]} {[%emt 00:01:30]}
27. Rb4 {[%clk 00:22:24]} {[%emt 00:03:47]} Rbd6 {[%clk 00:26:14]} {[%emt
00:01:38]} 28. Bd1 {[%clk 00:20:24]} {[%emt 00:02:10]} Kg7 {[%clk 00:24:15]}
{[%emt 00:02:09]} 29. Bb3 {[%clk 00:18:45]} {[%emt 00:01:51]} Rf6 {[%clk
00:22:35]} {[%emt 00:01:50]} 30. Ba2 {[%clk 00:16:24]} {[%emt 00:02:31]} Ne6
{[%clk 00:17:01]} {[%emt 00:05:42]} 31. Bxe6 {[%clk 00:15:28]} {[%emt
00:01:08]} fxe6 {[%clk 00:16:46]} {[%emt 00:00:25]} 32. Rbxb5 {[%clk 00:15:23]}
{[%emt 00:00:14]} Rd2 {[%clk 00:16:16]} {[%emt 00:00:38]} 33. Rg5+ {[%clk
00:15:27]} {[%emt 00:00:09]} Kf7 {[%clk 00:13:54]} {[%emt 00:02:31]} 34. Rb7+
{[%clk 00:15:27]} {[%emt 00:00:11]} Kf8 {[%clk 00:13:27]} {[%emt 00:00:34]} 35.
Rc5 {[%clk 00:11:31]} {[%emt 00:04:09]} Rdxf2+ {[%clk 00:13:05]} {[%emt
00:00:32]} 0-1